[Event "Cto Aragon Equipos 2016 Pref Gr II"]
[Site "Aragon"]
[Date "2016.03.05"]
[Round "6.60"]
[White "Arbiol Val, Sergio"]
[Black "Saura Solano, Jose Luis"]
[Result "1/2-1/2"]
[WhiteElo "1552"]
[BlackElo "1801"]
[PlyCount "88"]
[EventDate "2016.01.30"]
[WhiteTeam "Actur Rey Fernando"]
[BlackTeam "Binefar"]

1. e4 d5 2. exd5 Nf6 3. Nf3 Qxd5 4. Nc3 Qa5 5. d4 Ne4 6. Bd2 Nxd2 7. Qxd2 Bf5
8. Bc4 Nd7 9. O-O e6 10. Rfe1 O-O-O 11. a3 c5 12. b4 cxb4 13. axb4 Qc7 14. Qe2
Nb6 15. Rxa7 Bd6 16. Ba6 Qxc3 17. Bxb7+ Kd7 18. Qb5+ Ke7 19. Qxb6 Kf6 20. Ba6
Bxb4 21. Qb7 Bg6 22. Qb5 Rd5 23. Qc4 Qxc4 24. Bxc4 Bxe1 25. Bxd5 Bxf2+ 26. Kxf2
exd5 27. Ne5 Rc8 28. Ra6+ Kg5 29. Kg3 Rc3+ 30. Nf3+ Kh6 31. Rd6 f6 32. Rxd5
Bxc2 33. Kg4 Kg6 34. Nh4+ Kf7 35. Rd7+ Kf8 36. d5 Rc4+ 37. Kg3 Rd4 38. Nf3 Rd3
39. Kf4 g5+ 40. Kg3 h5 41. h3 Ke8 42. Rd6 Ke7 43. Re6+ Kf7 44. Rd6 Ke7 1/2-1/2

[Event "Cto Aragon Equipos 2016 Pref Gr II"]
[Site "Aragon"]
[Date "2016.03.05"]
[Round "6.61"]
[White "Cebollada Pacheco, Jesus Raul"]
[Black "Fabre Perez, Jose Maria"]
[Result "1/2-1/2"]
[WhiteElo "2015"]
[BlackElo "2057"]
[PlyCount "85"]
[EventDate "2016.01.30"]
[WhiteTeam "St. Casablanca C"]
[BlackTeam "Marcos Frechin B"]

1. e4 e6 2. d4 d5 3. Nd2 Nf6 4. e5 Nfd7 5. Bd3 c5 6. c3 Nc6 7. Ne2 cxd4 8. cxd4
f6 9. exf6 Nxf6 10. Nf3 Bd6 11. O-O O-O 12. Bf4 Nh5 13. Bxd6 Qxd6 14. Re1 Nf4
15. Nxf4 Qxf4 16. Bb5 Rf6 17. Bxc6 bxc6 18. Rc1 Bd7 19. Rc2 Be8 20. Qd2 Qxd2
21. Rxd2 Rc8 22. Rc1 Kf7 23. Ne5+ Ke7 24. g3 g5 25. Rc5 Kd6 26. Rdc2 Rf5 27.
Kg2 Rxe5 28. dxe5+ Kxe5 29. Re2+ Kd6 30. b4 e5 31. f3 Bg6 32. Rd2 Rb8 33. a3
Rf8 34. Ra5 Rf7 35. b5 cxb5 36. Rxb5 d4 37. Ra5 Rc7 38. f4 Be4+ 39. Kf2 gxf4
40. gxf4 Rf7 41. Ra6+ Kd5 42. Ra5+ Kd6 43. Ra6+ 1/2-1/2

[Event "Cto Aragon Equipos 2016 Pref Gr II"]
[Site "Aragon"]
[Date "2016.03.05"]
[Round "6.62"]
[White "Sancho Cortes, Miguel Angel"]
[Black "Garcia Andres, Daniel"]
[Result "0-1"]
[WhiteElo "2043"]
[BlackElo "2001"]
[PlyCount "58"]
[EventDate "2016.01.30"]
[WhiteTeam "Marcos Frechin B"]
[BlackTeam "St. Casablanca C"]

1. e4 e5 2. Nf3 Nc6 3. Bb5 a6 4. Ba4 Nf6 5. d4 exd4 6. O-O Be7 7. e5 Ne4 8.
Nxd4 Nxd4 9. Qxd4 Nc5 10. Nc3 O-O 11. Bf4 Ne6 12. Qe4 Nxf4 13. Qxf4 d6 14. Rad1
dxe5 15. Qxe5 Bd6 16. Qh5 Qf6 17. Ne4 Qf4 18. Nxd6 Bg4 19. Qh4 g5 20. Qh6 Bxd1
21. Rxd1 Rad8 22. g3 Qe5 23. f4 Qe3+ 24. Kg2 Qe2+ 25. Kh3 g4+ 26. Kh4 Qxh2+ 27.
Kg5 f6+ 28. Qxf6 Rxf6 29. Bb3+ Kf8 0-1

[Event "Cto Aragon Equipos 2016 Pref Gr II"]
[Site "Aragon"]
[Date "2016.03.05"]
[Round "6.63"]
[White "Abad Vinas, Jesus Manuel"]
[Black "Gaspar Calvo, Luis Alberto"]
[Result "0-1"]
[WhiteElo "1752"]
[BlackElo "1930"]
[PlyCount "106"]
[EventDate "2016.01.30"]
[WhiteTeam "St. Casablanca C"]
[BlackTeam "Marcos Frechin B"]

1. e4 c5 2. Nc3 Nc6 3. g3 g6 4. d3 Bg7 5. Be3 d6 6. Qd2 Rb8 7. Bg2 Nf6 8. h3 b5
9. Nce2 Bd7 10. Nf3 e5 11. O-O O-O 12. Bh6 d5 13. Bxg7 Kxg7 14. exd5 Nxd5 15.
Ng5 Nce7 16. c4 Nc7 17. Qe3 f6 18. Ne4 bxc4 19. dxc4 Rxb2 20. N2c3 Nf5 21. Qxc5
Qb8 22. Rad1 Nd4 23. Qd6 Qc8 24. Nc5 Bxh3 25. Rxd4 exd4 26. Bxh3 Qxh3 27. Nd1
Rxa2 28. Qxc7+ Rf7 29. Qd6 h5 30. Ne6+ Kh7 31. Qd5 Re7 32. Nxd4 Rd7 33. Qc5 h4
34. Re1 hxg3 35. Re7+ Kh6 36. Nf5+ Qxf5 37. Qe3+ g5 38. Rxd7 gxf2+ 39. Nxf2
Qxd7 40. Qf3 Qd4 41. c5 Kg6 42. c6 Rc2 43. Kg2 f5 44. Kg1 g4 45. Qg2 Rc1+ 46.
Kh2 Qf4+ 47. Qg3 Qxg3+ 48. Kxg3 Rxc6 49. Kf4 Rc4+ 50. Kg3 a5 51. Kh4 a4 52. Nd3
Re4 53. Nc5 Re3 0-1

[Event "Cto Aragon Equipos 2016 Pref Gr II"]
[Site "Aragon"]
[Date "2016.03.05"]
[Round "6.64"]
[White "Ruiperez Gumiel, Ramon"]
[Black "Vela Frago, Alberto"]
[Result "1-0"]
[WhiteElo "1872"]
[BlackElo "1504"]
[PlyCount "29"]
[EventDate "2016.01.30"]
[WhiteTeam "Marcos Frechin B"]
[BlackTeam "St. Casablanca C"]

1. e4 c5 2. b4 e6 3. bxc5 Bxc5 4. d4 Bb6 5. c3 Ne7 6. Bd3 d5 7. e5 O-O 8. Nf3
Nd7 9. Bxh7+ Kh8 10. Ng5 g6 11. Qg4 Kg7 12. h4 Rh8 13. h5 Qe8 14. Qf4 Bd8 15.
h6+ 1-0

[Event "Cto Aragon Equipos 2016 Pref Gr II"]
[Site "Aragon"]
[Date "2016.03.05"]
[Round "6.65"]
[White "Neila Castillo, Miguel Angel"]
[Black "Felez Casedas, Carlos"]
[Result "1-0"]
[WhiteElo "2090"]
[BlackElo "2012"]
[PlyCount "57"]
[EventDate "2016.01.30"]
[WhiteTeam "Delicias B"]
[BlackTeam "L'Aurora Estadilla B"]

1. e4 d5 2. exd5 Qxd5 3. Nc3 Qd8 4. Bc4 Nf6 5. d4 c6 6. Nf3 b5 7. Bb3 e6 8. O-O
Be7 9. Ne5 a5 10. a4 b4 11. Ne2 O-O 12. f4 Qc7 13. c3 c5 14. Rf3 Bb7 15. Rh3
Nbd7 16. Ng3 bxc3 17. bxc3 cxd4 18. cxd4 Rac8 19. Nh5 Nxh5 20. Qxh5 Nf6 21. Qe2
Qb6 22. Bb2 Ba8 23. Rd1 Qb7 24. Rd2 Bb4 25. d5 Bxd2 26. dxe6 Qxg2+ 27. Qxg2
Bxg2 28. exf7+ Kh8 29. Ng6# 1-0

[Event "Cto Aragon Equipos 2016 Pref Gr II"]
[Site "Aragon"]
[Date "2016.03.05"]
[Round "6.66"]
[White "Pellicer Cemeli, Jose Luis"]
[Black "Campo Millan, Diego"]
[Result "1/2-1/2"]
[WhiteElo "1963"]
[BlackElo "2062"]
[PlyCount "44"]
[EventDate "2016.01.30"]
[WhiteTeam "L'Aurora Estadilla B"]
[BlackTeam "Delicias B"]

1. d4 Nf6 2. c4 g6 3. Nc3 d5 4. Bf4 c6 5. e3 Bg7 6. h3 O-O 7. Nf3 Qa5 8. Qd2
Nbd7 9. cxd5 Nxd5 10. Nxd5 Qxd5 11. Bd3 e5 12. e4 Qe6 13. Nxe5 Nxe5 14. Bxe5
Bxe5 15. dxe5 Qxe5 16. O-O Be6 17. b3 Rad8 18. Rad1 f6 19. Qb4 b6 20. Bc4 c5
21. Bxe6+ Qxe6 22. Qa4 Qe7 1/2-1/2

[Event "Cto Aragon Equipos 2016 Pref Gr II"]
[Site "Aragon"]
[Date "2016.03.05"]
[Round "6.67"]
[White "Pes Mateo, Angel"]
[Black "Fuentes Espuna, Juan Antonio"]
[Result "0-1"]
[WhiteElo "1967"]
[BlackElo "1956"]
[PlyCount "90"]
[EventDate "2016.01.30"]
[WhiteTeam "Delicias B"]
[BlackTeam "L'Aurora Estadilla B"]

1. d4 c5 2. c3 Nf6 3. dxc5 b6 4. cxb6 Qxb6 5. Qb3 Nc6 6. Qxb6 axb6 7. g3 e6 8.
Bg2 Ba6 9. b4 Rc8 10. Nd2 d5 11. Rb1 Bb5 12. Ngf3 Be7 13. Nb3 Ne4 14. Bb2 O-O
15. Nfd4 Nxd4 16. Nxd4 Bc4 17. a3 Bg5 18. f4 Bf6 19. Bxe4 dxe4 20. Kf2 e5 21.
fxe5 Bxe5 22. e3 f5 23. h4 Rf6 24. Rbe1 Bd3 25. Rc1 b5 26. Rhg1 Rcf8 27. Ne2 h6
28. h5 Rc8 29. Nd4 Kf7 30. Rg2 Rg8 31. Ne2 Rd6 32. Nd4 g6 33. Rh1 Bxd4 34. exd4
g5 35. Rhg1 Ke6 36. Ra1 Ra6 37. Ke1 Kd5 38. Rf2 e3 39. Rg2 Rf8 40. Bc1 Ke4 41.
Raa2 f4 42. gxf4 Rxf4 43. Rg1 Raf6 44. Bxe3 Kxe3 45. Rd2 Rf1+ 0-1

[Event "Cto Aragon Equipos 2016 Pref Gr II"]
[Site "Aragon"]
[Date "2016.03.05"]
[Round "6.68"]
[White "Puertolas Serena, Arturo"]
[Black "Sarrio Bambo, Pablo"]
[Result "1-0"]
[WhiteElo "1846"]
[BlackElo "1848"]
[PlyCount "47"]
[EventDate "2016.01.30"]
[WhiteTeam "L'Aurora Estadilla B"]
[BlackTeam "Delicias B"]

1. d4 d5 2. Nf3 Nf6 3. e3 Bg4 4. Be2 e6 5. O-O Bd6 6. b3 O-O 7. Bb2 Nbd7 8. Ne5
Bxe2 9. Qxe2 c6 10. Nd2 Ne8 11. f4 Nxe5 12. fxe5 Be7 13. Rf3 f5 14. g4 fxg4 15.
Rxf8+ Bxf8 16. Qxg4 Qd7 17. Rf1 Nc7 18. Nf3 Re8 19. Ng5 h6 20. Nf7 Kh7 21. h4
Nb5 22. h5 Re7 23. Qg6+ Kg8 24. Nxh6+ 1-0

[Event "Cto Aragon Equipos 2016 D Honor Gr II"]
[Site "Aragon"]
[Date "2016.03.12"]
[Round "7.1"]
[White "Van Ojik, Mark"]
[Black "Del Rey, Diego"]
[Result "0-1"]
[WhiteElo "2313"]
[BlackElo "2388"]
[PlyCount "56"]
[EventDate "2016.??.??"]
[WhiteTeam "ONCE C.A. Aragon"]
[BlackTeam "El Olivar A"]

1. e4 c6 2. d4 d5 3. e5 c5 4. dxc5 Nc6 5. c4 d4 6. f4 Bf5 7. a3 a5 8. Bd3 e6 9.
Ne2 Bxc5 10. Ng3 Nh6 11. O-O Qh4 12. Nxf5 Nxf5 13. Nd2 Ne3 14. Qe1 Qe7 15. Rf3
g5 16. Ne4 gxf4 17. b4 Nxe5 18. Rxe3 fxe3 19. Nxc5 axb4 20. Qxb4 Rc8 21. Qb5+
Kf8 22. a4 Rxc5 23. Qb3 Nf3+ 24. gxf3 Qg5+ 25. Kf1 Rg8 26. Ke1 Qg1+ 27. Bf1
Qf2+ 28. Kd1 Rg1 0-1

[Event "Cto Aragon Equipos 2016 D Honor Gr II"]
[Site "Aragon"]
[Date "2016.03.12"]
[Round "7.2"]
[White "Chueca Forcen, Alberto"]
[Black "Laliena Solanes, Luis"]
[Result "1/2-1/2"]
[WhiteElo "2267"]
[BlackElo "2219"]
[PlyCount "47"]
[EventDate "2016.??.??"]
[WhiteTeam "El Olivar A"]
[BlackTeam "ONCE C.A. Aragon"]

1. d4 Nf6 2. Bf4 c5 3. e3 cxd4 4. exd4 d5 5. c3 Nc6 6. Bd3 Bg4 7. Qb3 Qd7 8.
Nf3 Bxf3 9. gxf3 e6 10. Nd2 Nh5 11. Bg3 Bd6 12. Bxd6 Qxd6 13. Qxb7 Rb8 14. Qa6
O-O 15. O-O-O Nf4 16. Nb3 Rb6 17. Qa4 Nxd3+ 18. Rxd3 Qf4+ 19. Re3 Rfb8 20. Kb1
Qf5+ 21. Kc1 Qf4 22. Kb1 Qf5+ 23. Kc1 Qf4 24. Kb1 1/2-1/2

[Event "Cto Aragon Equipos 2016 D Honor Gr II"]
[Site "Aragon"]
[Date "2016.03.12"]
[Round "7.3"]
[White "Cobo Garrido, Diego Israel"]
[Black "Palacios Latasa, Elias"]
[Result "0-1"]
[WhiteElo "2062"]
[BlackElo "2238"]
[PlyCount "86"]
[EventDate "2016.??.??"]
[WhiteTeam "ONCE C.A. Aragon"]
[BlackTeam "El Olivar A"]

1. e4 d5 2. exd5 Nf6 3. Bb5+ Bd7 4. Be2 Nxd5 5. d4 Bf5 6. Nf3 e6 7. O-O Be7 8.
a3 O-O 9. c4 Nb6 10. Ne5 N8d7 11. b3 c5 12. Nxd7 Qxd7 13. dxc5 Bf6 14. cxb6
Qxd1 15. Rxd1 Bxa1 16. bxa7 Rxa7 17. Be3 Raa8 18. Nd2 Bc3 19. Rc1 Bb2 20. Rf1
Rfd8 21. a4 Bd3 22. Bxd3 Rxd3 23. Rb1 Bc3 24. Ne4 Bd4 25. Kf1 Bxe3 26. Ke2 Rad8
27. fxe3 b6 28. Rb2 f5 29. Ng5 R3d6 30. Nf3 Kf7 31. Nd4 Kf6 32. Nb5 Rd1 33. Rc2
Rb1 34. Rc3 Rb2+ 35. Kf3 Rdd2 36. a5 Rf2+ 37. Kg3 Rxg2+ 38. Kh3 Rxh2+ 39. Kg3
Rhg2+ 40. Kh3 g5 41. axb6 g4+ 42. Kh4 Rh2+ 43. Kg3 Rh3+ 0-1

[Event "Cto Aragon Equipos 2016 D Honor Gr II"]
[Site "Aragon"]
[Date "2016.03.12"]
[Round "7.4"]
[White "Newrkla, Katharina"]
[Black "Latorre Abad, Fernando"]
[Result "1/2-1/2"]
[WhiteElo "2210"]
[BlackElo "2056"]
[PlyCount "79"]
[EventDate "2016.??.??"]
[WhiteTeam "El Olivar A"]
[BlackTeam "ONCE C.A. Aragon"]

1. e4 c5 2. Nf3 e6 3. d4 cxd4 4. Nxd4 a6 5. Nc3 Qc7 6. Bd3 Nf6 7. f4 d6 8. Qe2
Nbd7 9. Be3 g6 10. O-O Bg7 11. a4 b6 12. f5 e5 13. Nb3 Bb7 14. Nd2 O-O 15. Bg5
h6 16. Be3 Nc5 17. fxg6 fxg6 18. Bc4+ Kh7 19. Nd5 Bxd5 20. Bxd5 Nxd5 21. exd5
e4 22. Rxf8 Rxf8 23. Qc4 Bxb2 24. Rb1 Qg7 25. Nxe4 Qe5 26. Bxc5 bxc5 27. c3 Qf4
28. Qe2 Bxc3 29. Nxc3 Qd4+ 30. Kh1 Qxc3 31. Qe7+ Qg7 32. Qxd6 Qf6 33. Rb7+ Kh8
34. Qxf6+ Rxf6 35. Kg1 Rd6 36. Ra7 Rxd5 37. Rxa6 Kg7 38. Rc6 Rd1+ 39. Kf2 Ra1
40. Rxc5 1/2-1/2

[Event "Cto Aragon Equipos 2016 D Honor Gr II"]
[Site "Aragon"]
[Date "2016.03.12"]
[Round "7.5"]
[White "Salamero Pelay, Fernando"]
[Black "Llanes Luno, Ricardo"]
[Result "1-0"]
[WhiteElo "2169"]
[BlackElo "2170"]
[PlyCount "57"]
[EventDate "2016.??.??"]
[WhiteTeam "Atl. Huesca"]
[BlackTeam "Delicias"]

1. e4 c5 2. Nf3 e6 3. d4 cxd4 4. Nxd4 Nc6 5. Nc3 Qb6 6. Nb3 Nf6 7. Qe2 d6 8. g4
a6 9. Bd2 Be7 10. O-O-O Qc7 11. Bg2 b5 12. Rhe1 Bb7 13. f4 Nd7 14. Nd5 exd5 15.
exd5 Nce5 16. fxe5 Nxe5 17. Ba5 Qc4 18. Qxc4 bxc4 19. Nc5 Bc8 20. Rxe5 dxe5 21.
d6 Bg5+ 22. Kb1 Ra7 23. d7+ Rxd7 24. Bc6 h5 25. Nxd7 hxg4 26. Bb4 Bxd7 27. Rxd7
f6 28. Ra7+ Kd8 29. Bd6 1-0

[Event "Cto Aragon Equipos 2016 D Honor Gr II"]
[Site "Aragon"]
[Date "2016.03.12"]
[Round "7.6"]
[White "Roche Simon, Manuel Angel"]
[Black "Luis Vitalla, Fernando"]
[Result "1-0"]
[WhiteElo "2143"]
[BlackElo "2117"]
[PlyCount "65"]
[EventDate "2016.??.??"]
[WhiteTeam "Delicias"]
[BlackTeam "Atl. Huesca"]

1. e4 c5 2. Nf3 Nc6 3. d4 cxd4 4. Nxd4 Nf6 5. Nc3 d6 6. Bg5 Bd7 7. Qd2 Rc8 8.
Nb3 a6 9. f4 b5 10. Bd3 e6 11. a4 b4 12. Ne2 a5 13. Ned4 Nxd4 14. Nxd4 Qb6 15.
Bxf6 gxf6 16. Bb5 Bxb5 17. Nxb5 Qc6 18. O-O-O Qxe4 19. Rhe1 Qc4 20. Kb1 Be7 21.
f5 e5 22. b3 Qc5 23. Re4 d5 24. Re2 O-O 25. g4 Kh8 26. g5 Rg8 27. h4 d4 28. Rg2
fxg5 29. Rf1 g4 30. f6 Bf8 31. Rf5 Rg6 32. Qe2 Bd6 33. Rg5 1-0

[Event "Cto Aragon Equipos 2016 D Honor Gr II"]
[Site "Aragon"]
[Date "2016.03.12"]
[Round "7.7"]
[White "Gella Lopez, Angel"]
[Black "Llanes Luno, Pedro Alfredo"]
[Result "1-0"]
[WhiteElo "2081"]
[BlackElo "2103"]
[PlyCount "77"]
[EventDate "2016.??.??"]
[WhiteTeam "Atl. Huesca"]
[BlackTeam "Delicias"]

1. d4 Nf6 2. c4 g6 3. Nc3 Bg7 4. e4 d6 5. Nf3 O-O 6. Be2 e5 7. O-O Nc6 8. d5
Ne7 9. Ne1 Nd7 10. Nd3 f5 11. Bd2 Nf6 12. f3 f4 13. c5 g5 14. cxd6 cxd6 15. Nf2
Ng6 16. Qc2 h5 17. h3 Rf7 18. Rfc1 Bf8 19. Nb5 Ne8 20. a4 a6 21. Na3 Nh4 22.
Qb3 Rg7 23. Nc4 g4 24. fxg4 hxg4 25. hxg4 Nf6 26. Ba5 Qe8 27. Qh3 Rh7 28. Nb6
Bd7 29. Nxa8 Qxa8 30. Rc7 Ng6 31. Qb3 b5 32. axb5 Qb8 33. b6 Ne8 34. Rxd7 Rxd7
35. Qa4 Rh7 36. Rc1 Nf6 37. Bxa6 Qd8 38. b7 Qb8 39. Qc6 1-0

[Event "Cto Aragon Equipos 2016 D Honor Gr II"]
[Site "Aragon"]
[Date "2016.03.12"]
[Round "7.8"]
[White "Lamas Mercadal, Manuel"]
[Black "Laplaza Ara, Carlos"]
[Result "1/2-1/2"]
[WhiteElo "2084"]
[BlackElo "1975"]
[PlyCount "165"]
[EventDate "2016.??.??"]
[WhiteTeam "Delicias"]
[BlackTeam "Atl. Huesca"]

1. e4 c5 2. d4 cxd4 3. c3 d3 4. Bxd3 Nc6 5. c4 d6 6. h3 Nf6 7. Nf3 g6 8. O-O
Bg7 9. Nc3 O-O 10. Be3 b6 11. Rc1 Bb7 12. Qd2 Rc8 13. b3 Qc7 14. Nd5 Qd7 15.
Bh6 Nxd5 16. Bxg7 Kxg7 17. exd5 Ne5 18. Nd4 Nxd3 19. Qxd3 e5 20. dxe6 fxe6 21.
Rfe1 e5 22. Nb5 Rcd8 23. Rcd1 Qc6 24. f3 a6 25. Nc3 Qc5+ 26. Qe3 Qxe3+ 27. Rxe3
Bc6 28. Red3 Rf6 29. Nd5 Bxd5 30. Rxd5 Re6 31. b4 Kf7 32. c5 bxc5 33. bxc5 Ke7
34. Kf2 Rc8 35. cxd6+ Kd7 36. Rb1 Rxd6 37. Rb7+ Kc6 38. Rxd6+ Kxb7 39. Rd2 Rc3
40. Re2 Rc5 41. Ke3 Kc6 42. Ke4 Kd6 43. Rd2+ Ke6 44. Rb2 Rc4+ 45. Kd3 Kd5 46.
Rb7 Ra4 47. Rd7+ Ke6 48. Rxh7 Ra3+ 49. Ke4 Ra4+ 50. Ke3 Rxa2 51. g4 a5 52. Ra7
Ra3+ 53. Kf2 g5 54. Ra8 Kf6 55. Rf8+ Ke6 56. Rf5 a4 57. Rxg5 e4 58. fxe4 Rxh3
59. Ra5 a3 60. g5 a2 61. Kg2 Rh5 62. Rxa2 Rxg5+ 63. Kf3 Rg1 64. Ra6+ Ke5 65.
Ra5+ Ke6 66. Ke3 Re1+ 67. Kd3 Rd1+ 68. Ke2 Rb1 69. Rd5 Ra1 70. Rb5 Ra3 71. Rd5
Rb3 72. Rd3 Rxd3 73. Kxd3 Ke5 74. Ke3 Ke6 75. Kd4 Kd6 76. e5+ Ke6 77. Ke4 Ke7
78. Kd5 Kd7 79. e6+ Ke7 80. Ke5 Ke8 81. Kd6 Kd8 82. e7+ Ke8 83. Ke6 1/2-1/2

[Event "Cto Aragon Equipos 2016 D Honor Gr II"]
[Site "Aragon"]
[Date "2016.03.12"]
[Round "7.10"]
[White "Guzman Moneo, Alberto"]
[Black "Roque Sola, Jose Luis"]
[Result "1-0"]
[WhiteElo "2211"]
[BlackElo "2066"]
[PlyCount "71"]
[EventDate "2016.??.??"]
[WhiteTeam "Helios"]
[BlackTeam "Agrupacion B"]

1. e4 e6 2. d4 d5 3. Nc3 Nf6 4. e5 Nfd7 5. f4 c5 6. Nf3 Nc6 7. Be3 a6 8. Qd2 b5
9. dxc5 Bxc5 10. Ne2 Bb7 11. Ned4 Rc8 12. Bd3 Nxd4 13. Nxd4 Nb6 14. b3 Qe7 15.
O-O Nd7 16. a4 bxa4 17. Rxa4 Bxd4 18. Bxd4 Nc5 19. Ra5 Nxd3 20. Qxd3 O-O 21. c3
Qd7 22. f5 exf5 23. Rxf5 Rfe8 24. Ra2 Rc7 25. Raf2 Qc6 26. Qg3 Re6 27. Qf4 Qd7
28. h4 Bc8 29. h5 h6 30. Qg3 Qe8 31. b4 Rec6 32. Rf6 Kf8 33. Rxc6 Rxc6 34. e6
Bxe6 35. Qxg7+ Ke7 36. Qxh6 1-0

[Event "Cto Aragon Equipos 2016 D Honor Gr II"]
[Site "Aragon"]
[Date "2016.03.12"]
[Round "7.11"]
[White "Roque Sola, Gisela"]
[Black "Cerrajeria Ruiz, Jesus Maria"]
[Result "0-1"]
[WhiteElo "2012"]
[BlackElo "2210"]
[PlyCount "90"]
[EventDate "2016.??.??"]
[WhiteTeam "Agrupacion B"]
[BlackTeam "Helios"]

1. c4 c5 2. Nc3 Nc6 3. Nf3 g6 4. g3 Bg7 5. Bg2 Nh6 6. O-O Nf5 7. Rb1 O-O 8. a3
a5 9. Ne1 d6 10. b3 Bxc3 11. dxc3 a4 12. b4 Be6 13. Bd5 Qd7 14. Nd3 cxb4 15.
cxb4 Bxd5 16. cxd5 Ncd4 17. e4 Ng7 18. Nb2 Nb3 19. Nc4 Qb5 20. Nd2 Qd3 21. Re1
Rfc8 22. Rxb3 axb3 23. Qxb3 Rc3 24. Qb1 Rac8 25. Qxd3 Rxd3 26. Nb1 e6 27. dxe6
Nxe6 28. Be3 b5 29. Kg2 Rc2 30. Bh6 f6 31. Bc1 Nd4 32. Bf4 Ne6 33. Bc1 g5 34.
Be3 Kf7 35. h4 h6 36. hxg5 hxg5 37. Kh3 Kg6 38. Kg4 Nd4 39. Bxd4 Rxd4 40. f4
Rxe4 41. Rxe4 f5+ 42. Kf3 g4+ 43. Ke3 fxe4 44. Kxe4 Kf6 45. Kd5 Rc1 0-1

[Event "Cto Aragon Equipos 2016 D Honor Gr II"]
[Site "Aragon"]
[Date "2016.03.12"]
[Round "7.12"]
[White "Navarro Alonso, Jorge"]
[Black "Lopez Guaita, Fernando"]
[Result "1-0"]
[WhiteElo "2182"]
[BlackElo "1946"]
[PlyCount "83"]
[EventDate "2016.??.??"]
[WhiteTeam "Helios"]
[BlackTeam "Agrupacion B"]

1. d4 d5 2. Nf3 Nf6 3. e3 e6 4. Bd3 Bd6 5. Nbd2 Nbd7 6. O-O O-O 7. Qe2 e5 8.
dxe5 Nxe5 9. Nxe5 Bxe5 10. h3 c6 11. c4 Re8 12. Rd1 Qe7 13. Nf3 Bc7 14. b3 Ne4
15. Bb2 dxc4 16. Bxc4 Ng5 17. Nxg5 Qxg5 18. Qf3 Bf5 19. h4 Qg6 20. h5 Qg4 21.
h6 Qxf3 22. gxf3 Be5 23. Bxe5 Rxe5 24. e4 Be6 25. Bxe6 Rxe6 26. hxg7 Re7 27.
Rd6 Kxg7 28. Kg2 f6 29. Kg3 a5 30. Kf4 a4 31. b4 Rc8 32. Rc1 Kf7 33. Rc5 Rg8
34. Ra5 Rg2 35. Ke3 Rg5 36. Rxa4 h5 37. f4 Rg1 38. Ra5 b5 39. Rxc6 Re1+ 40. Kf3
R1xe4 41. Rxb5 h4 42. Rbb6 1-0

[Event "Cto Aragon Equipos 2016 D Honor Gr II"]
[Site "Aragon"]
[Date "2016.03.12"]
[Round "7.13"]
[White "Nicolas Zapata, Irene"]
[Black "Adla, Diego"]
[Result "0-1"]
[WhiteElo "2239"]
[BlackElo "2410"]
[PlyCount "102"]
[EventDate "2016.??.??"]
[WhiteTeam "Teruel"]
[BlackTeam "St. Casablanca A"]

1. Nf3 c5 2. c4 g6 3. g3 Bg7 4. Bg2 Nc6 5. Nc3 e6 6. O-O Nge7 7. d3 O-O 8. Bf4
e5 9. Be3 d6 10. Nd5 Nxd5 11. cxd5 Ne7 12. Ne1 f5 13. f4 exf4 14. Bxf4 Bxb2 15.
Rb1 Bg7 16. Nf3 h6 17. h4 b6 18. d4 Qd7 19. dxc5 bxc5 20. Qd3 Rd8 21. Nd2 Qa4
22. Kh2 Kh7 23. Qc4 Qa5 24. Nb3 Qxa2 25. Bxd6 Rxd6 26. Qxc5 Qa6 27. Na5 Bd7 28.
Nb7 Be5 29. Qe3 Bf6 30. Qc5 Be5 31. Qe3 Bf6 32. Qc5 Rxd5 33. Bxd5 Nxd5 34. Qxd5
Qxe2+ 35. Qg2 Qxg2+ 36. Kxg2 a5 37. Nxa5 Rxa5 38. Rb7 Rd5 39. Rc1 Kg8 40. Rcc7
Be8 41. Rc8 Re5 42. Rbb8 Kf7 43. Rb7+ Re7 44. Rb6 Bd7 45. Rc7 Be5 46. Rc1 Be6
47. Kh2 Bd5 48. Rb5 Be4 49. Rc8 Rc7 50. Rd8 Rc2+ 51. Kg1 Bxg3 0-1

[Event "Cto Aragon Equipos 2016 D Honor Gr II"]
[Site "Aragon"]
[Date "2016.03.12"]
[Round "7.14"]
[White "Glavina, Pablo"]
[Black "Dominguez Bujeda, Jesus"]
[Result "1-0"]
[WhiteElo "2382"]
[BlackElo "2119"]
[PlyCount "79"]
[EventDate "2016.??.??"]
[WhiteTeam "St. Casablanca A"]
[BlackTeam "Teruel"]

1. e4 c5 2. c3 Nf6 3. e5 Nd5 4. d4 cxd4 5. Nf3 e6 6. cxd4 b6 7. Nc3 Nxc3 8.
bxc3 Qc7 9. Bd2 Be7 10. Bd3 Ba6 11. Bxa6 Nxa6 12. Qe2 Nb8 13. O-O O-O 14. Bg5
d5 15. Bxe7 Qxe7 16. c4 dxc4 17. Qxc4 Qb7 18. Rfc1 Na6 19. Qa4 Rac8 20. Nd2
Rfd8 21. h3 Nc7 22. Nc4 Nd5 23. Nd6 Rxc1+ 24. Rxc1 Qe7 25. Qa6 g6 26. Rc8 Rxc8
27. Qxc8+ Kg7 28. g3 h6 29. h4 h5 30. Kg2 g5 31. hxg5 Qxg5 32. Qh8+ Kxh8 33.
Nxf7+ Kg8 34. Nxg5 Nc3 35. Nxe6 Nxa2 36. d5 Kf7 37. Nc7 Ke7 38. f4 Nb4 39. f5
a5 40. d6+ 1-0

[Event "Cto Aragon Equipos 2016 D Honor Gr II"]
[Site "Aragon"]
[Date "2016.03.12"]
[Round "7.15"]
[White "Martin Catalan, Juan Vicente"]
[Black "Quintin Navarro, Alberto"]
[Result "0-1"]
[WhiteElo "2045"]
[BlackElo "2355"]
[PlyCount "80"]
[EventDate "2016.??.??"]
[WhiteTeam "Teruel"]
[BlackTeam "St. Casablanca A"]

1. d4 Nf6 2. Nf3 g6 3. Bf4 Bg7 4. e3 d6 5. h3 O-O 6. Bd3 b6 7. O-O Bb7 8. Qe2
Nbd7 9. Ba6 Qc8 10. Bxb7 Qxb7 11. c4 Ne4 12. Nfd2 Nxd2 13. Qxd2 c5 14. Nc3 Rfc8
15. b3 Nf6 16. Rac1 Ne4 17. Nxe4 Qxe4 18. f3 Qb7 19. d5 b5 20. e4 a5 21. Bh6
Bh8 22. cxb5 a4 23. Qd3 axb3 24. Qxb3 Qa7 25. b6 Qxa2 26. Qb5 Rab8 27. Qd7 Bf6
28. b7 Rd8 29. Qc7 Qa4 30. Rb1 Qe8 31. Bd2 e6 32. Rb6 exd5 33. exd5 Qe2 34. Be1
Qe3+ 35. Bf2 Qe5 36. Rd1 Kg7 37. Kf1 Re8 38. Re1 Qxd5 39. Qd7 Rxe1+ 40. Kxe1
Bc3+ 0-1

[Event "Cto Aragon Equipos 2016 D Honor Gr II"]
[Site "Aragon"]
[Date "2016.03.12"]
[Round "7.16"]
[White "Goni Navarro, Pablo"]
[Black "Barcena Laguia, Francisco"]
[Result "1/2-1/2"]
[WhiteElo "2060"]
[BlackElo "1932"]
[PlyCount "130"]
[EventDate "2016.??.??"]
[WhiteTeam "St. Casablanca A"]
[BlackTeam "Teruel"]

1. c4 c5 2. Nc3 Nc6 3. Nf3 d6 4. g3 g6 5. Bg2 Bg7 6. O-O e5 7. Ne1 Nge7 8. Nc2
O-O 9. Ne3 Be6 10. Rb1 Qd7 11. a3 f5 12. Ned5 Rab8 13. b4 f4 14. d3 Nd4 15. Bb2
Nxd5 16. Nxd5 Bh3 17. Bc1 Nxe2+ 18. Qxe2 Bxg2 19. Kxg2 f3+ 20. Qxf3 Rxf3 21.
Kxf3 Qh3 22. Be3 Rf8+ 23. Ke2 b6 24. a4 Re8 25. a5 e4 26. bxc5 exd3+ 27. Kxd3
dxc5 28. axb6 axb6 29. Rfc1 Qf5+ 30. Ke2 Bd4 31. Rxb6 Kh8 32. Rb5 Bxe3 33. Nxe3
Qh5+ 34. Ke1 Qf3 35. Rcb1 Qe4 36. Rb8 Rxb8 37. Rxb8+ Kg7 38. h4 Qe5 39. Rd8 Qe4
40. Rd5 Qe7 41. Kf1 Qe4 42. Rxc5 Qh1+ 43. Ke2 Qc1 44. Rc7+ Kh6 45. Kf3 Qh1+ 46.
Kf4 Qc1 47. c5 Qd2 48. Kf3 Qc3 49. Kg2 Qd4 50. Kh3 g5 51. hxg5+ Kg6 52. Kg2
Qe4+ 53. Kf1 Qh1+ 54. Ke2 Qh5+ 55. g4 Qxg5 56. c6 Qa5 57. Rd7 Qb5+ 58. Ke1 Qxc6
59. Rd5 Qc3+ 60. Ke2 Qb2+ 61. Kf3 Qb7 62. Kg3 Qb8+ 63. Kf3 Qb7 64. Kg3 Qb8+ 65.
Kf3 Qb7 1/2-1/2